00449 2200169 4500001002100000005001500021035002000036245006000056100001200116250001700128300003100145260003100176082001000207084001600217020002200233650002400255INLIS00000000000097320250320101548 a0010-03250000691 aBina Aqidah dan Akhlak :buntuk MI Kelas III /cTim BKG0 aTim BKG acetakan ke-1 axi, 177 :bilus ;c25,5 cm aJakarta :bErlangga,c2021 a297.2 a297.2 TIM b a978-602-486-859-8 4aBuku Teks Pelajaran